000 00534nam a2200121Ia 4500
008 220615s9999||||xx |||||||||||||| ||und||
100 _aHajnal, Peter I.
245 4 _aThe G20
_bEvolution, Interrelationships, Documentation
546 _aEnglish[eng]
650 _abank||cannes||central||finance||financial||governors||inclusion||leaders||ministers||summit
856 _uhttps://library.oapen.org/bitstream/20.500.12657/52770/1/9781351266796.pdf||https://library.oapen.org/bitstream/20.500.12657/52770/1/9781351266796.pdf
942 _cEB
999 _c13721
_d13721